Угольная промышленность России в условиях мировых финасово-экономических кризисов 1998 и 2008 гг.; Инновационные технологии и экономика в машиностроении; Т. 2

Detalles Bibliográficos
Parent link:Инновационные технологии и экономика в машиностроении: сборник трудов V Международной научно-практической конференции, г. Юрга, 22-23 мая 2014 г./ Национальный исследовательский Томский политехнический университет (ТПУ), Юргинский технологический институт (ЮТИ) ; под ред. Д. А. Чинахова.— , 2014
Т. 2.— 2014.— [С. 142-146]
Autor principal: Соловенко И. С. Игорь Сергеевич
Autor Corporativo: Национальный исследовательский Томский политехнический университет (ТПУ) Юргинский технологический институт (филиал) (ЮТИ) Кафедра экономики и автоматизации систем управления (ЭАСУ)
Otros Autores: Трифонов В. А. Владимир Александрович, Нагорнов В. И. Виталий Иванович
Sumario:Заглавие с титульного листа.
Lenguaje:ruso
Publicado: 2014
Colección:Автоматизация и информатизация, экономика и менеджмент на предприятии
Materias:
Acceso en línea:http://www.lib.tpu.ru/fulltext/c/2014/C30/V2/034.pdf
Formato: MixedMaterials Electrónico Capítulo de libro
KOHA link:https://koha.lib.tpu.ru/cgi-bin/koha/opac-detail.pl?biblionumber=607710

MARC

LEADER 00000naa2a2200000 4500
001 607710
005 20260312110032.0
035 |a (RuTPU)RU\TPU\conf\5116 
035 |a RU\TPU\conf\5110 
090 |a 607710 
100 |a 20140828d2014 k y0rusy50 ca 
101 0 |a rus 
102 |a RU 
135 |a drcn ---uucaa 
181 0 |a i  
182 0 |a b 
200 1 |a Угольная промышленность России в условиях мировых финасово-экономических кризисов 1998 и 2008 гг.  |f И. С. Соловенко, В. А. Трифонов, В. И. Нагорнов 
203 |a Текст  |c электронный 
215 |a 1 файл (292 Кб) 
225 1 |a Автоматизация и информатизация, экономика и менеджмент на предприятии 
300 |a Заглавие с титульного листа. 
320 |a [Библиогр.: с. 146 (10 назв.)] 
337 |a Adobe Reader 
461 1 |0 (RuTPU)RU\TPU\conf\4003  |t Инновационные технологии и экономика в машиностроении  |o сборник трудов V Международной научно-практической конференции, г. Юрга, 22-23 мая 2014 г.  |o в 2 т.  |f Национальный исследовательский Томский политехнический университет (ТПУ), Юргинский технологический институт (ЮТИ) ; под ред. Д. А. Чинахова  |d 2014 
463 1 |0 (RuTPU)RU\TPU\conf\4014  |t Т. 2  |v [С. 142-146]  |d 2014 
610 1 |a труды учёных ТПУ 
610 1 |a электронный ресурс 
610 1 |a угольная промышленность 
610 1 |a Россия 
610 1 |a мировые кризисы 
610 1 |a финансово-экономические кризисы 
610 1 |a угледобыча 
610 1 |a мировые цены 
610 1 |a экспорт 
700 1 |a Соловенко  |b И. С.  |c историк, экономист  |c профессор Юргинского технологического института (филиала) Томского политехнического университета, доктор наук  |f 1971-  |g Игорь Сергеевич  |3 (RuTPU)RU\TPU\pers\24526  |9 10836 
701 1 |a Трифонов  |b В. А.  |c экономист  |c доцент Юргинского технологического института Томского политехнического университета, кандидат экономических наук  |f 1964-  |g Владимир Александрович  |3 (RuTPU)RU\TPU\pers\31908  |9 15978 
701 1 |a Нагорнов  |b В. И.  |c экономист  |c доцент Томского политехнического университета, кандидат экономических наук  |f 1942-  |g Виталий Иванович  |3 (RuTPU)RU\TPU\pers\25328 
712 0 2 |a Национальный исследовательский Томский политехнический университет (ТПУ)  |b Юргинский технологический институт (филиал) (ЮТИ)  |b Кафедра экономики и автоматизации систем управления (ЭАСУ)  |3 (RuTPU)RU\TPU\col\18900 
801 2 |a RU  |b 63413507  |c 20140828  |g RCR 
856 4 |u http://www.lib.tpu.ru/fulltext/c/2014/C30/V2/034.pdf 
942 |c BK